01404nam a2200265 a 4500001001000000003000900010005001700019008003300036020001800069040002500087082003400112100002400146100001800170245019800188260004400386300002800430505036500458600003800823650003400861650005400895651005300949700004401002700002901046700006301075000020601DO-SdBNP20231109083455.0100810s2019 dr a 000 0 spa d a9789945803105 aDO-SdBNPbspacBPMSU 2a781.64097293 bC764p 20192221 aContreras, Marivellz aC., Marivell13aEl primer bachatero del mundo :bCalderón /cMarivell Contreras, José Manuel Calderón ; cuidado de la edición Alexis Méndez ; correccion de estilo Mario de San Juan, Frank Martínez. aSanto Domingo :bEditora Búho,c2019. a520 p. :bil. ;c24 cm.0 aDe estudios y opiniones -- De la bachata y Calderón -- Orígenes : biografías compartida -- De la bachata y El pionero -- Lo que no se ha dicho de la bachata --El pionero en el ámbito internacional --Grabaciones, discos, canciones. -- Calderón: medios -- Trayectoria : premios y reconocimientos --Lo que dicen los libros de Calderón --Coclusión. 14aCalderón, José Manuel d1941- 4aBachataxHistoria y crítica 4aMúsica popular dominicanaxHistoria y crítica 4aRepública DominicanaxVida social y costumbres1 aCalderón, José Manueld1941-eAutor1 aMéndez, Alexiseeditor1 aSan Juan, Mario, Martínez, FrankeCorrección de estilo